<?xml version="1.0" encoding="UTF-8"?>
<resp>
  <nextPage>https://data.bn.org.pl/api/networks/bibs.marcxml?marc=001+b00001150003793&amp;sinceId=1150003794</nextPage>
  <collection>
    <record xmlns='http://www.loc.gov/MARC21/slim'><leader>01010namZa2200313ZiZ4500</leader><controlfield tag='001'>b00001150003793</controlfield><controlfield tag='005'>20241203214949.1</controlfield><controlfield tag='008'>230609s        pl           |000 0 pol c</controlfield><controlfield tag='009'>9913261359005606</controlfield><datafield ind1=' ' ind2=' ' tag='020'><subfield code='a'>8323844389</subfield></datafield><datafield ind1=' ' ind2=' ' tag='035'><subfield code='a'>KR_1KR_1_20120317225957073326-48omnis_kr</subfield></datafield><datafield ind1=' ' ind2=' ' tag='035'><subfield code='a'>KR_1_20120317225957073326</subfield><subfield code='9'>ExL</subfield></datafield><datafield ind1=' ' ind2=' ' tag='035'><subfield code='a'>(PL)b00001150003793</subfield></datafield><datafield ind1=' ' ind2=' ' tag='040'><subfield code='a'>KR_1</subfield><subfield code='c'>KR_1</subfield></datafield><datafield ind1='1' ind2=' ' tag='041'><subfield code='a'>pol</subfield><subfield code='h'>eng</subfield></datafield><datafield ind1='1' ind2=' ' tag='100'><subfield code='a'>McCauley, Barbara</subfield></datafield><datafield ind1='1' ind2='0' tag='245'><subfield code='a'>Za żadną cenę /</subfield><subfield code='c'>Barbara McCauley ; [tł. Małgorzata Dobrogojska].</subfield></datafield><datafield ind1=' ' ind2=' ' tag='260'><subfield code='a'>Warszawa [i in.] :</subfield><subfield code='b'>&quot;Arlekin&quot; - Wydaw. Harlequin,</subfield><subfield code='c'>2007.</subfield></datafield><datafield ind1=' ' ind2=' ' tag='300'><subfield code='a'>154 s. ;</subfield><subfield code='c'>18 cm.</subfield></datafield><datafield ind1='1' ind2=' ' tag='490'><subfield code='a'>Harlequin Gorący Romans,</subfield><subfield code='x'>1641-5760 ;</subfield><subfield code='v'>770</subfield></datafield><datafield ind1=' ' ind2=' ' tag='500'><subfield code='a'>p</subfield></datafield><datafield ind1=' ' ind2='9' tag='650'><subfield code='a'>Powieść amerykańska</subfield><subfield code='y'>20 w.</subfield></datafield><datafield ind1='1' ind2=' ' tag='700'><subfield code='a'>Dobrogojska, Małgorzata</subfield><subfield code='e'>Tł.</subfield></datafield><datafield ind1=' ' ind2=' ' tag='852'><subfield code='b'>48OMNIS_NETWORK</subfield><subfield code='8'>9913261359005606</subfield></datafield><datafield ind1=' ' ind2=' ' tag='852'><subfield code='b'>48OMNIS_KR</subfield><subfield code='8'>991000037919708216</subfield></datafield><datafield ind1=' ' ind2=' ' tag='920'><subfield code='a'>83-238-4438-9</subfield></datafield></record>
  </collection>
</resp>
